000 01327nam0a22003011 4500
001 rc\4341595
005 20250611160632.0
021 _aRU
_bРг6449-58
035 _a(NLR Aleph) 008274653
090 _a8478178
_c8478178
100 _a20130416d1958 |||y0rusy50 ca
101 0 _arus
102 _aRU
105 _aa z |||||
200 1 _aНекоторые типы цифровых функциональных преобразователей
_e[Доклад]
_fАкад. наук СССР. Ин-т автоматики и телемеханики. Конференция по теории и применению дискретных автомат. систем
210 _aМосква
_cб. и.
_d1958
215 _a14 л., 17 л. ил.
_d29
300 _aОтпеч. множит. аппаратом
300 _aТекст на одной стороне листа
300 _aНапеч. на ротапринте
700 1 _aЕрмилов
_bБ. Л.
711 1 2 _aКонференция по вопросам теории и применения дискретных автоматических систем
_eМосква
_f1958
_9417760
_3RU\NLR\AUTH\880375730
801 0 _aRU
_bNLR
_gpsbo
801 1 _aRU
_bELAR
_2rusmarc
852 _aNLR
_j58-8/1628
942 _cBOOK
980 _aNB